National Parks by Satellite Image - Statistics

General Stats
  • This quiz has been taken 50 times
  • The average score is 13 of 18
Answer Stats
Picture Answer % Correct
Everglades
93%
Yellowstone
93%
Grand Canyon
91%
Crater Lake
88%
Olympic
86%
Isle Royale
84%
Dry Tortugas
81%
Hawaii Volcanoes
77%
Mount Rainier
77%
Denali
74%
Kenai Fjords
67%
Acadia
65%
Canyonlands
63%
Channel Islands
63%
Bryce Canyon
60%
Virgin Islands
58%
Voyageurs
56%
Great Sand Dunes
53%
No matching quizzes found
Score Distribution
Percent of People with Each Score
Percentile by Number Answered
Your Score History
You have not taken this quiz